Response surface methodology: process and product optimization using designed experiments
Salvato in:
| Autori principali: | , |
|---|---|
| Natura: | Libro |
| Lingua: | inglese |
| Pubblicazione: |
Nueva York
John Wiley
1995
|
| Serie: | Wiley Series in Probability and Statistics
|
| Soggetti: | |
| Tags: |
Aggiungi Tag
Nessun Tag, puoi essere il primo ad aggiungerne!!
|
MARC
| LEADER | 00000nam a2200000 a 4500 | ||
|---|---|---|---|
| 001 | UCQ3418 | ||
| 003 | CL-VaPUC | ||
| 008 | 980821e19950000US |||||||||||||||||eng|d | ||
| 082 | 0 | 4 | |a 519.5 |b MYE |2 21 |
| 100 | |a Myers, Raymond H. |e author |9 577661 | ||
| 700 | |a Montgomery, Douglas C. |e author |9 602209 | ||
| 245 | 1 | 0 | |a Response surface methodology: process and product optimization using designed experiments |
| 300 | |a 700 p | ||
| 942 | |c BK | ||
| 945 | |d 19980821 00:00:00 |a aarredon | ||
| 260 | |a Nueva York |b John Wiley |c 1995 | ||
| 650 | 0 | |a Estadística |9 259535 | |
| 650 | 0 | |a Diseño experimental |9 259977 | |
| 583 | |a last modification |c 19980821 00:00:00 |k Rodrigo Vera | ||
| 490 | 0 | |a Wiley Series in Probability and Statistics | |
| 999 | |c 273998 |d 273996 | ||
| 952 | |0 0 |1 0 |4 0 |6 519_500000000000000_MYE_1995 |7 0 |8 A |9 310030 |a BIBGIM |b BIBGIM |d 2019-11-20 |i 345603K |o 519.5 MYE 1995 |p 345603K |r 2025-01-15 |w 2019-11-20 |y BK |k EST | ||
| 952 | |0 0 |1 0 |4 0 |6 519_500000000000000_MYE_1995 |7 0 |8 A |9 310031 |a BIBING |b BIBING |d 2019-11-20 |i 3787907 |o 519.5 MYE 1995 |p 3787907 |r 2025-01-20 |w 2019-11-20 |y BK |k EIB | ||